<?xml version="1.0" encoding="UTF-8"?>
<marc:record xmlns:marc="http://www.loc.gov/MARC21/slim">
   <marc:leader>00000nam a2200000 a 4500</marc:leader>
   <marc:datafield ind1="1" ind2=" " tag="100">
      <marc:subfield code="a">Krasny, Elke</marc:subfield>
      <marc:subfield code="4">aut</marc:subfield>
      <marc:subfield code="e">Verfasser/-in</marc:subfield>
   </marc:datafield>
   <marc:datafield ind1="1" ind2=" " tag="100">
      <marc:subfield code="a">Hein, Sybille</marc:subfield>
      <marc:subfield code="4">aut</marc:subfield>
      <marc:subfield code="e">Verfasser/-in</marc:subfield>
   </marc:datafield>
   <marc:datafield ind1="1" ind2=" " tag="100">
      <marc:subfield code="a">Technisches Museum Wien</marc:subfield>
   </marc:datafield>
   <marc:datafield ind1="1" ind2=" " tag="100">
      <marc:subfield code="a">Kretschmann, Moidi</marc:subfield>
   </marc:datafield>
   <marc:datafield ind1=" " ind2=" " tag="653">
      <marc:subfield code="a">Elektrizität</marc:subfield>
   </marc:datafield>
   <marc:datafield ind1="0" ind2="0" tag="245">
      <marc:subfield code="a">Warum ist das Licht so schnell hell?</marc:subfield>
   </marc:datafield>
   <marc:datafield ind1="0" ind2="0" tag="245">
      <marc:subfield code="b">eine Reise durch die Welt des Lichts</marc:subfield>
   </marc:datafield>
   <marc:datafield ind1="0" ind2="0" tag="245">
      <marc:subfield code="c">Elke Krasny ; Sybille Hein</marc:subfield>
   </marc:datafield>
   <marc:datafield ind1=" " ind2="1" tag="264">
      <marc:subfield code="a">St. Pölten</marc:subfield>
      <marc:subfield code="b">Niederösterr. Pressehaus</marc:subfield>
      <marc:subfield code="c">2005</marc:subfield>
   </marc:datafield>
   <marc:datafield ind1="1" ind2=" " tag="520">
      <marc:subfield code="a">Leuchtquallen gibt es und Leuchtpilze auch, Taschensonnenuhren gab es mal. Anglerfische fangen mit Lichtangeln, und unter Wasser können sogar Kerzen brennen. Warum Fußballer nachts vier Schatten haben, seit wann man Feuer(zeuge) in die Tasche stecken kann, ob Pflanzen Sonnenbrand bekommen können: alles nachzulesen - ebenso, dass neben Jedirittern auch Zahnmediziner mit dem Laserstrahl hantieren; dass es Haupt- und Nebenregenbogen gibt, dass Licht Welle und Teilchen ist, wie man Glühstrümpfe produziert und wie Glühbirnen (mit 2.500° C im Inneren): erhellend beschrieben, gezeichnet und gezeigt anhand von Lichtbildern, Fotografien aus dem Technischen Museum Wien.</marc:subfield>
   </marc:datafield>
   <marc:datafield ind1=" " ind2=" " tag="020">
      <marc:subfield code="a">3853263046</marc:subfield>
      <marc:subfield code="9">3853263046</marc:subfield>
   </marc:datafield>
   <marc:datafield ind1=" " ind2=" " tag="300">
      <marc:subfield code="a">107 S. : zahlr. Ill. (farb.), graph. Darst.</marc:subfield>
   </marc:datafield>
</marc:record>
